TOUGHNESS INVESTIGATION OF WELD HAZ SIMULATED WITH SINGLE AND MULTI-THERMAL CYCLES FOR SQV2-A PRESSURE VESSEL STEEL

Bibliographic Details
Main Authors: Matsuda, Fukuhisa (Author), Liao, Jinsun (Author), Ikeuchi, Kenji (Author)
Format: Article
Language:English
ISBN:8070992557

MARC

LEADER 00000naa a2200000uu 4500
001 vtls011082761
003 SK-MaSNL
005 20260302132246.0
008 210905|1996 xo |||||||||||||||||eng|
015 |a SNBRA 
035 |a (urnnbn)urn:nbn:sk:snk:ar-a0cjvy 
035 |a (uuid)31b0db03-f244-4fd0-8e24-0abafbe0c80c 
035 |a urn:nbn:sk:snk-aavpud 
040 |a SNKBUCL  |b slo  |c SNKBUCL  |e AACR2 
041 0 |a eng 
044 |a xo  |c SK 
100 1 |a Matsuda, Fukuhisa  |4 aut  |9 791395 
245 1 0 |a TOUGHNESS INVESTIGATION OF WELD HAZ SIMULATED WITH SINGLE AND MULTI-THERMAL CYCLES FOR SQV2-A PRESSURE VESSEL STEEL  |c Fukuhisa Matsuda, Jinsun Liao, Kenji Ikeuchi 
700 1 |a Liao, Jinsun  |4 aut  |9 801655 
700 1 |a Ikeuchi, Kenji  |4 aut  |9 791420 
773 0 |t Welding science & technology  |d Košice : Technical University, 1996, 1996  |g S. 33-38  |z 8070992557 
958 |a OND 
958 |a article12 
958 |a chapter 
999 |c 1312880  |d 1314810